Introductory statistics for business and economics / (Record no. 117)
[ view plain ]
| 000 -LEADER | |
|---|---|
| fixed length control field | 01144cam a2200337 a 4500 |
| 001 - CONTROL NUMBER | |
| control field | 0000000139 |
| 005 - DATE AND TIME OF LATEST TRANSACTION | |
| control field | 20170406112416.0 |
| 008 - FIXED-LENGTH DATA ELEMENTS--GENERAL INFORMATION | |
| fixed length control field | 941021s1990 nyum b a001 0 eng |
| 010 ## - LIBRARY OF CONGRESS CONTROL NUMBER | |
| LC control number | 89033083 |
| 020 ## - INTERNATIONAL STANDARD BOOK NUMBER | |
| International Standard Book Number | 047161517X |
| 035 ## - SYSTEM CONTROL NUMBER | |
| System control number | (OCoLC)7492916 |
| 035 ## - SYSTEM CONTROL NUMBER | |
| System control number | 0891-72760 |
| 040 ## - CATALOGING SOURCE | |
| Original cataloging agency | DLC |
| Transcribing agency | DLC |
| Modifying agency | UKM |
| -- | OUN |
| 050 00 - LIBRARY OF CONGRESS CALL NUMBER | |
| Classification number | HA29 |
| Item number | .W622 1990 |
| 100 1# - MAIN ENTRY--PERSONAL NAME | |
| Personal name | Wonnacott, Thomas H., |
| Dates associated with a name | 1935-. |
| 245 10 - TITLE STATEMENT | |
| Title | Introductory statistics for business and economics / |
| Statement of responsibility, etc. | Thomas H. Wonnacott, Ronald J. Wonnacott. |
| 250 ## - EDITION STATEMENT | |
| Edition statement | 4th ed. |
| 260 ## - PUBLICATION, DISTRIBUTION, ETC. | |
| Place of publication, distribution, etc. | New York : |
| Name of publisher, distributor, etc. | Wiley, |
| Date of publication, distribution, etc. | c1990. |
| 300 ## - PHYSICAL DESCRIPTION | |
| Extent | xvi, 815 p. : |
| Other physical details | ill. ; |
| Dimensions | 24 cm. |
| 440 #0 - SERIES STATEMENT/ADDED ENTRY--TITLE | |
| Title | Wiley series in probability and mathematical statistics. |
| 500 ## - GENERAL NOTE | |
| General note | Includes index. |
| 504 ## - BIBLIOGRAPHY, ETC. NOTE | |
| Bibliography, etc. note | Bibliography: p. 781-785. |
| 650 #0 - SUBJECT ADDED ENTRY--TOPICAL TERM | |
| Topical term or geographic name entry element | Social sciences |
| General subdivision | Statistical methods. |
| 650 #0 - SUBJECT ADDED ENTRY--TOPICAL TERM | |
| Topical term or geographic name entry element | Statistics. |
| 650 #0 - SUBJECT ADDED ENTRY--TOPICAL TERM | |
| Topical term or geographic name entry element | Commercial statistics. |
| 650 #0 - SUBJECT ADDED ENTRY--TOPICAL TERM | |
| Topical term or geographic name entry element | Economics |
| General subdivision | Statistical methods. |
| 700 10 - ADDED ENTRY--PERSONAL NAME | |
| Personal name | Wonnacott, Ronald J. |
| 908 ## - PUT COMMAND PARAMETER (RLIN) | |
| Put command parameter | 130118 |
| 913 ## - | |
| -- | N |
| 989 #7 - | |
| -- | introductory_statistics_for_business_and_economics_______________1990815_4__wia_______________________________ |
| Withdrawn status | Lost status | Source of classification or shelving scheme | Damaged status | Not for loan | Home library | Current library | Shelving location | Date acquired | Total Checkouts | Full call number | Barcode | Date last seen | Date last checked out | Price effective from | Koha item type |
|---|---|---|---|---|---|---|---|---|---|---|---|---|---|---|---|
| CUZ Harare Campus | CUZ Harare Campus | Open Shelf | 06.04.2017 | 3 | HA 29.W622 WON | BK0000162 | 22.05.2025 | 25.04.2018 | 06.04.2017 | OS Book |